00400nam a2200157Ia 45000010006000000050017000060080041000230410008000640820028000721100038001002450051001382600009001893000028001986500008002266540008002341191620260306162903.0260306t2020||||xx |||||||||||||| ||spa|| aESP aHR 301bV. 50 2020 REAA aUniversidad Complutense de Madrid 0aRevista española de antropología americana c2020 a313 páginas :c24 cm. aGEN aCHU